[Event "45th FIDE Chess Olympiad Open"]
[Site "Budapest, Hungary"]
[Date "2024.09.21"]
[Round "10"]
[White "Ansat, Aldiyar"]
[Black "Stevic, Hrvoje"]
[Result "1/2-1/2"]
[Board "64"]
[WhiteFideId "13715658"]
[BlackFideId "14502569"]
[WhiteTitle "IM"]
[BlackTitle "GM"]
[WhiteElo "2457"]
[BlackElo "2531"]
[WhiteTeam "Kazakhstan"]
[BlackTeam "Croatia"]
[WhiteClock "0:12:57"]
[BlackClock "0:32:42"]
[Variant "Standard"]

1. e4 {[%clk 1:30:57]}  e5 {[%clk 1:30:45]} 2. Nf3 {[%clk 1:31:19]}  Nc6 {[%clk 1:31:07]} 3. Bb5 {[%clk 1:31:42]}  a6 {[%clk 1:30:58]} 4. Ba4 {[%clk 1:32:04]}  Nf6 {[%clk 1:31:08]} 5. O-O {[%clk 1:32:17]}  Nxe4 {[%clk 1:31:19]} 6. d4 {[%clk 1:32:25]}  b5 {[%clk 1:31:37]} 7. Bb3 {[%clk 1:32:48]}  d5 {[%clk 1:32:00]} 8. dxe5 {[%clk 1:33:10]}  Be6 {[%clk 1:32:24]} 9. c3 {[%clk 1:32:41]}  Be7 {[%clk 1:32:37]} 10. Nbd2 {[%clk 1:32:03]}  Nc5 {[%clk 1:32:50]} 11. Bc2 {[%clk 1:32:29]}  d4 {[%clk 1:33:13]} 12. Nb3 {[%clk 1:32:54]}  d3 {[%clk 1:33:34]} 13. Bb1 {[%clk 1:33:19]}  Nxb3 {[%clk 1:33:57]} 14. axb3 {[%clk 1:33:46]}  Bf5 {[%clk 1:34:19]} 15. Bf4 {[%clk 1:34:12]}  O-O {[%clk 1:34:36]} 16. Re1 {[%clk 1:34:39]}  Qd7 {[%clk 1:33:57]} 17. b4 {[%clk 1:12:56]}  Rfd8 {[%clk 1:33:44]} 18. h3 {[%clk 1:04:38]}  a5 {[%clk 1:32:10]} 19. bxa5 {[%clk 1:04:39]}  Rxa5 {[%clk 1:32:30]} 20. Rxa5 {[%clk 1:04:04]}  Nxa5 {[%clk 1:32:54]} 21. Nd4 {[%clk 1:00:59]}  c5 {[%clk 1:32:40]} 22. e6 {[%clk 0:58:19]}  fxe6 {[%clk 1:32:57]} 23. Nxf5 {[%clk 0:58:26]}  exf5 {[%clk 1:33:19]} 24. Qxd3 {[%clk 0:57:59]}  Qxd3 {[%clk 1:33:44]} 25. Bxd3 {[%clk 0:58:25]}  Rxd3 {[%clk 1:34:08]} 26. Rxe7 {[%clk 0:58:51]}  Nc4 {[%clk 1:34:33]} 27. b3 {[%clk 0:40:41]}  Na5 {[%clk 1:34:42]} 28. Rc7 {[%clk 0:29:13]}  Nxb3 {[%clk 1:12:19]} 29. Be5 {[%clk 0:29:39]}  g6 {[%clk 1:12:06]} 30. Rg7+ {[%clk 0:29:00]}  Kf8 {[%clk 1:12:31]} 31. Rxh7 {[%clk 0:29:25]}  Rd1+ {[%clk 1:11:18]} 32. Kh2 {[%clk 0:29:50]}  Nd2 {[%clk 1:11:44]} 33. h4 {[%clk 0:24:02]}  Ne4 {[%clk 0:49:31]} 34. f3 {[%clk 0:20:55]}  Rd5 {[%clk 0:49:34]} 35. fxe4 {[%clk 0:18:08]}  Rxe5 {[%clk 0:49:50]} 36. exf5 {[%clk 0:18:36]}  Rxf5 {[%clk 0:49:52]} 37. Rb7 {[%clk 0:18:56]}  Rf4 {[%clk 0:49:09]} 38. Kg3 {[%clk 0:19:18]}  Rc4 {[%clk 0:49:35]} 39. Rxb5 {[%clk 0:19:45]}  Rxc3+ {[%clk 0:49:51]} 40. Kf4 {[%clk 0:20:11]}  Kg7 {[%clk 0:42:36]} 41. g4 {[%clk 0:13:19]}  Kh6 {[%clk 0:37:40]} 42. Rb7 {[%clk 0:13:26]}  Rc4+ {[%clk 0:35:48]} 43. Kf3 {[%clk 0:13:18]}  Rc3+ {[%clk 0:35:39]} 44. Kf4 {[%clk 0:13:16]}  Rc4+ {[%clk 0:35:12]} 45. Kf3 {[%clk 0:12:33]}  Rc3+ {[%clk 0:32:22]} 46. Kf4 {[%clk 0:12:57]}  Rc4+ {[%clk 0:32:42]} 1/2-1/2

[Event "45th FIDE Chess Olympiad Open"]
[Site "Budapest, Hungary"]
[Date "2024.09.21"]
[Round "10"]
[White "Stremavicius, Titas"]
[Black "Haring, Filip"]
[Result "1-0"]
[Board "65"]
[WhiteFideId "12804444"]
[BlackFideId "14933080"]
[WhiteTitle "GM"]
[BlackTitle "IM"]
[WhiteElo "2527"]
[BlackElo "2503"]
[WhiteTeam "Lithuania"]
[BlackTeam "Slovakia"]
[WhiteClock "0:03:44"]
[BlackClock "0:00:36"]
[Variant "Standard"]

1. Nf3 {[%clk 1:30:58]}  Nf6 {[%clk 1:30:48]} 2. g3 {[%clk 1:30:15]}  e6 {[%clk 1:30:02]} 3. c4 {[%clk 1:27:18]}  d5 {[%clk 1:29:41]} 4. Bg2 {[%clk 1:27:44]}  dxc4 {[%clk 1:27:42]} 5. Qa4+ {[%clk 1:27:59]}  Nbd7 {[%clk 1:26:58]} 6. Qxc4 {[%clk 1:28:07]}  a6 {[%clk 1:27:16]} 7. Qc2 {[%clk 1:26:24]}  Rb8 {[%clk 1:23:43]} 8. O-O {[%clk 1:11:58]}  b5 {[%clk 1:19:11]} 9. Nd4 {[%clk 1:10:48]}  Ne5 {[%clk 1:18:29]} 10. Nb3 {[%clk 1:11:11]}  Bb7 {[%clk 1:02:59]} 11. Bxb7 {[%clk 1:10:43]}  Rxb7 {[%clk 1:03:23]} 12. d4 {[%clk 1:10:41]}  Ned7 {[%clk 0:58:05]} 13. Bg5 {[%clk 1:04:30]}  Bd6 {[%clk 0:47:04]} 14. e4 {[%clk 0:56:40]}  h6 {[%clk 0:40:56]} 15. Be3 {[%clk 0:47:34]}  Ng4 {[%clk 0:27:37]} 16. Bd2 {[%clk 0:47:03]}  e5 {[%clk 0:26:27]} 17. h3 {[%clk 0:33:43]}  Ngf6 {[%clk 0:11:05]} 18. dxe5 {[%clk 0:33:51]}  Bxe5 {[%clk 0:09:19]} 19. f4 {[%clk 0:33:59]}  Nh5 {[%clk 0:09:43]} 20. fxe5 {[%clk 0:34:00]}  Nxg3 {[%clk 0:09:56]} 21. Rf3 {[%clk 0:31:59]}  Nh5 {[%clk 0:08:11]} 22. e6 {[%clk 0:27:16]}  fxe6 {[%clk 0:08:37]} 23. Qc3 {[%clk 0:17:19]}  b4 {[%clk 0:06:15]} 24. Qd4 {[%clk 0:15:40]}  Rb5 {[%clk 0:05:32]} 25. a4 {[%clk 0:13:55]}  Re5 {[%clk 0:04:42]} 26. Be3 {[%clk 0:13:31]}  c5 {[%clk 0:03:41]} 27. Qd6 {[%clk 0:13:22]}  c4 {[%clk 0:01:10]} 28. Nd4 {[%clk 0:13:19]}  Rxe4 {[%clk 0:00:34]} 29. Nxe6 {[%clk 0:12:36]}  Qe7 {[%clk 0:00:36]} 30. Nc7+ {[%clk 0:09:12]}  Kd8 {[%clk 0:01:05]} 31. Qxe7+ {[%clk 0:09:34]}  Rxe7 {[%clk 0:01:14]} 32. Nd5 {[%clk 0:08:16]}  Re6 {[%clk 0:01:43]} 33. Nxb4 {[%clk 0:05:17]}  Rhe8 {[%clk 0:01:27]} 34. Bf2 {[%clk 0:05:34]}  Re2 {[%clk 0:00:32]} 35. Nc3 {[%clk 0:05:30]}  Rxb2 {[%clk 0:00:46]} 36. Nxa6 {[%clk 0:04:50]}  Ne5 {[%clk 0:01:05]} 37. Rd1+ {[%clk 0:04:26]}  Kc8 {[%clk 0:01:08]} 38. Re3 {[%clk 0:04:48]}  Re6 {[%clk 0:01:24]} 39. Nc5 {[%clk 0:04:34]}  Rg6+ {[%clk 0:01:00]} 40. Kf1 {[%clk 0:05:02]}  Rf6 {[%clk 0:00:36]} 41. N3e4 {[%clk 0:03:44]} 1-0

[Event "45th FIDE Chess Olympiad Open"]
[Site "Budapest, Hungary"]
[Date "2024.09.21"]
[Round "10"]
[White "Kazakouski, Valery"]
[Black "Druska, Juraj"]
[Result "1/2-1/2"]
[Board "67"]
[WhiteFideId "13507443"]
[BlackFideId "14915650"]
[WhiteTitle "GM"]
[BlackTitle "IM"]
[WhiteElo "2577"]
[BlackElo "2441"]
[WhiteTeam "Lithuania"]
[BlackTeam "Slovakia"]
[WhiteClock "0:15:06"]
[BlackClock "0:07:55"]
[Variant "Standard"]

1. d4 {[%clk 1:30:56]}  Nf6 {[%clk 1:29:33]} 2. c4 {[%clk 1:31:17]}  c5 {[%clk 1:29:58]} 3. d5 {[%clk 1:30:30]}  b5 {[%clk 1:30:11]} 4. cxb5 {[%clk 1:30:00]}  a6 {[%clk 1:30:29]} 5. e3 {[%clk 1:30:18]}  axb5 {[%clk 1:30:20]} 6. Bxb5 {[%clk 1:30:19]}  Qa5+ {[%clk 1:30:44]} 7. Nc3 {[%clk 1:30:37]}  Bb7 {[%clk 1:31:07]} 8. Bd2 {[%clk 1:30:14]}  Qb6 {[%clk 1:31:28]} 9. a4 {[%clk 1:30:24]}  Nxd5 {[%clk 1:31:43]} 10. Nf3 {[%clk 1:30:40]}  e6 {[%clk 1:32:05]} 11. O-O {[%clk 1:29:41]}  Be7 {[%clk 1:32:24]} 12. Ne5 {[%clk 1:27:30]}  O-O {[%clk 1:32:19]} 13. e4 {[%clk 1:20:33]}  Nb4 {[%clk 1:31:05]} 14. Bf4 {[%clk 1:14:26]}  Qd8 {[%clk 1:31:20]} 15. Re1 {[%clk 1:04:21]}  d6 {[%clk 1:31:01]} 16. Nc4 {[%clk 1:00:51]}  e5 {[%clk 1:31:28]} 17. Be3 {[%clk 0:57:14]}  Qc7 {[%clk 1:31:46]} 18. Na3 {[%clk 0:52:33]}  N8c6 {[%clk 1:18:07]} 19. Nc2 {[%clk 0:46:38]}  f5 {[%clk 0:50:06]} 20. Nxb4 {[%clk 0:43:49]}  Nxb4 {[%clk 0:49:52]} 21. Bc4+ {[%clk 0:39:29]}  Kh8 {[%clk 0:50:14]} 22. f3 {[%clk 0:39:49]}  Qb8 {[%clk 0:37:09]} 23. Qd2 {[%clk 0:33:37]}  Qe8 {[%clk 0:32:41]} 24. b3 {[%clk 0:28:54]}  Qg6 {[%clk 0:15:41]} 25. Rad1 {[%clk 0:22:18]}  Rab8 {[%clk 0:13:56]} 26. Kh1 {[%clk 0:18:57]}  h6 {[%clk 0:12:13]} 27. exf5 {[%clk 0:16:20]}  Rxf5 {[%clk 0:11:58]} 28. Qe2 {[%clk 0:14:09]}  Rh5 {[%clk 0:10:45]} 29. Kg1 {[%clk 0:10:09]}  Rf5 {[%clk 0:09:20]} 30. Rf1 {[%clk 0:09:53]}  Rff8 {[%clk 0:07:12]} 31. Kh1 {[%clk 0:05:50]}  Rfd8 {[%clk 0:07:04]} 32. Nd5 {[%clk 0:03:44]}  Nxd5 {[%clk 0:06:48]} 33. Rxd5 {[%clk 0:03:46]}  Bc6 {[%clk 0:04:32]} 34. Rfd1 {[%clk 0:03:22]}  Rf8 {[%clk 0:04:08]} 35. Qd3 {[%clk 0:01:46]}  Qxd3 {[%clk 0:02:26]} 36. R5xd3 {[%clk 0:02:02]}  e4 {[%clk 0:02:51]} 37. fxe4 {[%clk 0:01:59]}  Bxe4 {[%clk 0:03:20]} 38. R3d2 {[%clk 0:02:03]}  d5 {[%clk 0:03:43]} 39. Bxd5 {[%clk 0:00:49]}  Bxd5 {[%clk 0:04:09]} 40. Rxd5 {[%clk 0:01:12]}  Rxb3 {[%clk 0:04:36]} 41. Re5 {[%clk 0:26:09]}  Rd8 {[%clk 0:07:41]} 42. Rxd8+ {[%clk 0:20:06]}  Bxd8 {[%clk 0:08:10]} 43. g3 {[%clk 0:18:41]}  c4 {[%clk 0:07:31]} 44. Re8+ {[%clk 0:14:58]}  Kh7 {[%clk 0:07:55]} 45. Rxd8 {[%clk 0:15:06]} 1/2-1/2

[Event "45th FIDE Chess Olympiad Open"]
[Site "Budapest, Hungary"]
[Date "2024.09.21"]
[Round "10"]
[White "Kostolansky, Sebastian Lukas"]
[Black "Laurusas, Tomas"]
[Result "1/2-1/2"]
[Board "68"]
[WhiteFideId "14950596"]
[BlackFideId "12803731"]
[WhiteTitle "IM"]
[BlackTitle "GM"]
[WhiteElo "2405"]
[BlackElo "2569"]
[WhiteTeam "Slovakia"]
[BlackTeam "Lithuania"]
[WhiteClock "0:10:04"]
[BlackClock "0:20:21"]
[Variant "Standard"]

1. e4 {[%clk 1:30:57]}  c5 {[%clk 1:29:47]} 2. Nf3 {[%clk 1:31:20]}  e6 {[%clk 1:30:13]} 3. d4 {[%clk 1:31:45]}  cxd4 {[%clk 1:30:39]} 4. Nxd4 {[%clk 1:32:11]}  Nc6 {[%clk 1:31:04]} 5. Nc3 {[%clk 1:31:49]}  Qc7 {[%clk 1:31:26]} 6. Be3 {[%clk 1:30:40]}  Nf6 {[%clk 1:30:14]} 7. Qf3 {[%clk 1:13:27]}  a6 {[%clk 1:23:56]} 8. O-O-O {[%clk 1:12:29]}  d6 {[%clk 1:20:41]} 9. Nxc6 {[%clk 0:58:39]}  Qxc6 {[%clk 1:10:28]} 10. Qg3 {[%clk 0:55:11]}  b5 {[%clk 1:02:29]} 11. e5 {[%clk 0:44:38]}  dxe5 {[%clk 0:59:40]} 12. Qxe5 {[%clk 0:45:01]}  Nd7 {[%clk 0:54:31]} 13. Qd4 {[%clk 0:34:31]}  Bb7 {[%clk 0:48:27]} 14. Be2 {[%clk 0:34:07]}  Nf6 {[%clk 0:32:55]} 15. Qe5 {[%clk 0:14:45]}  Qc8 {[%clk 0:26:39]} 16. Rhg1 {[%clk 0:04:13]}  Be7 {[%clk 0:25:15]} 17. g4 {[%clk 0:04:11]}  O-O {[%clk 0:25:20]} 18. g5 {[%clk 0:04:00]}  Nd7 {[%clk 0:24:35]} 19. Qf4 {[%clk 0:04:25]}  Nc5 {[%clk 0:21:00]} 20. Bd4 {[%clk 0:04:36]}  Rd8 {[%clk 0:21:06]} 21. Bh5 {[%clk 0:03:16]}  g6 {[%clk 0:19:43]} 22. Bf6 {[%clk 0:01:37]}  Re8 {[%clk 0:18:53]} 23. Bf3 {[%clk 0:00:53]}  b4 {[%clk 0:18:36]} 24. Ne2 {[%clk 0:00:49]}  Bxf3 {[%clk 0:13:53]} 25. Qxf3 {[%clk 0:01:11]}  Qc7 {[%clk 0:13:15]} 26. h4 {[%clk 0:00:45]}  Rac8 {[%clk 0:13:21]} 27. h5 {[%clk 0:00:38]}  Bxf6 {[%clk 0:12:04]} 28. gxf6 {[%clk 0:01:04]}  Qe5 {[%clk 0:11:37]} 29. hxg6 {[%clk 0:01:18]}  hxg6 {[%clk 0:12:05]} 30. Nd4 {[%clk 0:00:38]}  Qe4 {[%clk 0:11:34]} 31. Qg3 {[%clk 0:00:37]}  e5 {[%clk 0:07:01]} 32. Rge1 {[%clk 0:01:04]}  Qf4+ {[%clk 0:07:26]} 33. Qxf4 {[%clk 0:01:32]}  exf4 {[%clk 0:07:53]} 34. Rh1 {[%clk 0:00:32]}  Ne4 {[%clk 0:04:56]} 35. Nf5 {[%clk 0:00:42]}  gxf5 {[%clk 0:04:32]} 36. Rdg1+ {[%clk 0:01:00]}  Ng3 {[%clk 0:05:01]} 37. fxg3 {[%clk 0:01:20]}  f3 {[%clk 0:05:25]} 38. Rh2 {[%clk 0:01:26]}  Re2 {[%clk 0:04:00]} 39. Rxe2 {[%clk 0:01:53]}  fxe2 {[%clk 0:04:22]} 40. Re1 {[%clk 0:01:48]}  Kh7 {[%clk 0:03:16]} 41. Rxe2 {[%clk 0:01:03]}  Kg6 {[%clk 0:03:12]} 42. Re7 {[%clk 0:15:53]}  Kxf6 {[%clk 0:26:11]} 43. Ra7 {[%clk 0:15:36]}  Rc6 {[%clk 0:26:12]} 44. Kd2 {[%clk 0:15:23]}  Kg6 {[%clk 0:23:01]} 45. Rb7 {[%clk 0:13:49]}  a5 {[%clk 0:22:00]} 46. Rb5 {[%clk 0:13:44]}  Ra6 {[%clk 0:22:28]} 47. Ke3 {[%clk 0:12:16]}  Kg5 {[%clk 0:21:21]} 48. Kf3 {[%clk 0:09:59]}  Rc6 {[%clk 0:20:21]} 49. g4 {[%clk 0:10:04]} 1/2-1/2

[Event "45th FIDE Chess Olympiad Open"]
[Site "Budapest, Hungary"]
[Date "2024.09.21"]
[Round "10"]
[White "Bjerre, Jonas Buhl"]
[Black "Henriquez Villagra, Cristobal"]
[Result "0-1"]
[Board "69"]
[WhiteFideId "1444948"]
[BlackFideId "3409350"]
[WhiteTitle "GM"]
[BlackTitle "GM"]
[WhiteElo "2648"]
[BlackElo "2604"]
[WhiteTeam "Denmark"]
[BlackTeam "Chile"]
[WhiteClock "0:00:33"]
[BlackClock "0:02:15"]
[Variant "Standard"]

1. e4 {[%clk 1:30:53]}  c5 {[%clk 1:30:23]} 2. Nf3 {[%clk 1:31:16]}  Nc6 {[%clk 1:30:49]} 3. Bb5 {[%clk 1:31:15]}  g6 {[%clk 1:29:39]} 4. Bxc6 {[%clk 1:31:13]}  dxc6 {[%clk 1:30:01]} 5. d3 {[%clk 1:31:21]}  Qc7 {[%clk 1:29:50]} 6. Be3 {[%clk 1:29:50]}  e5 {[%clk 1:28:09]} 7. Qd2 {[%clk 1:29:04]}  Nf6 {[%clk 1:09:54]} 8. h3 {[%clk 1:23:23]}  h6 {[%clk 1:03:04]} 9. a4 {[%clk 1:19:19]}  a5 {[%clk 0:58:27]} 10. Nc3 {[%clk 1:11:59]}  b6 {[%clk 0:55:55]} 11. Nh2 {[%clk 1:04:37]}  g5 {[%clk 0:49:52]} 12. h4 {[%clk 1:00:27]}  gxh4 {[%clk 0:47:55]} 13. f4 {[%clk 0:54:24]}  Nh5 {[%clk 0:43:04]} 14. f5 {[%clk 0:50:12]}  Ng3 {[%clk 0:37:47]} 15. Rg1 {[%clk 0:48:11]}  Ba6 {[%clk 0:38:13]} 16. Qf2 {[%clk 0:41:40]}  O-O-O {[%clk 0:37:45]} 17. Nf3 {[%clk 0:38:30]}  Be7 {[%clk 0:37:17]} 18. O-O-O {[%clk 0:36:18]}  Kb7 {[%clk 0:34:49]} 19. b3 {[%clk 0:31:48]}  Rhg8 {[%clk 0:26:39]} 20. Kb1 {[%clk 0:28:33]}  Qd6 {[%clk 0:25:02]} 21. Bc1 {[%clk 0:25:02]}  Rg4 {[%clk 0:20:41]} 22. Bb2 {[%clk 0:22:59]}  Bg5 {[%clk 0:18:12]} 23. Nh2 {[%clk 0:18:28]}  Rf4 {[%clk 0:18:27]} 24. Qe1 {[%clk 0:18:49]}  Bf6 {[%clk 0:13:47]} 25. Bc1 {[%clk 0:18:13]}  Re8 {[%clk 0:11:43]} 26. Be3 {[%clk 0:15:27]}  Bg7 {[%clk 0:09:01]} 27. Ka2 {[%clk 0:14:13]}  Qf6 {[%clk 0:09:16]} 28. Qd2 {[%clk 0:12:53]}  Rd8 {[%clk 0:08:37]} 29. Qc1 {[%clk 0:10:50]}  b5 {[%clk 0:07:21]} 30. Rge1 {[%clk 0:08:05]}  b4 {[%clk 0:06:01]} 31. Bxf4 {[%clk 0:05:38]}  exf4 {[%clk 0:06:20]} 32. e5 {[%clk 0:04:28]}  Qxf5 {[%clk 0:06:28]} 33. Ne4 {[%clk 0:04:33]}  Bxe5 {[%clk 0:04:56]} 34. Nf3 {[%clk 0:03:29]}  Bh8 {[%clk 0:02:10]} 35. Nxh4 {[%clk 0:02:49]}  Qg4 {[%clk 0:02:35]} 36. Nf3 {[%clk 0:02:18]}  Kb6 {[%clk 0:02:00]} 37. Nxg3 {[%clk 0:02:06]}  Qxg3 {[%clk 0:02:27]} 38. Ne5 {[%clk 0:00:51]}  Bg7 {[%clk 0:00:33]} 39. Re4 {[%clk 0:00:39]}  f5 {[%clk 0:00:39]} 40. Re2 {[%clk 0:00:46]}  Rd5 {[%clk 0:00:34]} 41. Nf3 {[%clk 0:26:44]}  Bh8 {[%clk 0:25:11]} 42. Re8 {[%clk 0:19:51]}  Bc3 {[%clk 0:22:51]} 43. Kb1 {[%clk 0:17:36]}  h5 {[%clk 0:18:52]} 44. Re7 {[%clk 0:15:26]}  h4 {[%clk 0:16:35]} 45. Ng1 {[%clk 0:12:07]}  Re5 {[%clk 0:08:40]} 46. Rxe5 {[%clk 0:09:22]}  Bxe5 {[%clk 0:09:08]} 47. Nf3 {[%clk 0:09:20]}  Bh8 {[%clk 0:09:27]} 48. Rh1 {[%clk 0:06:52]}  Qg7 {[%clk 0:04:02]} 49. Ka2 {[%clk 0:07:17]}  Bxd3 {[%clk 0:03:08]} 50. Rxh4 {[%clk 0:05:31]}  Be4 {[%clk 0:02:49]} 51. Nd2 {[%clk 0:04:56]}  Bd5 {[%clk 0:03:17]} 52. Rxf4 {[%clk 0:04:34]}  Qxg2 {[%clk 0:02:52]} 53. Rxf5 {[%clk 0:03:55]}  Qh3 {[%clk 0:02:21]} 54. Rf4 {[%clk 0:01:48]}  Bd4 {[%clk 0:02:31]} 55. Rxd4 {[%clk 0:00:54]}  cxd4 {[%clk 0:03:00]} 56. Qf1 {[%clk 0:00:48]}  Qxf1 {[%clk 0:02:05]} 57. Nxf1 {[%clk 0:01:14]}  Kc5 {[%clk 0:01:55]} 58. Kb2 {[%clk 0:01:18]}  Kd6 {[%clk 0:02:21]} 59. Kc1 {[%clk 0:01:08]}  d3 {[%clk 0:01:26]} 60. Nd2 {[%clk 0:00:54]}  dxc2 {[%clk 0:01:49]} 61. Kxc2 {[%clk 0:01:20]}  Bf7 {[%clk 0:00:40]} 62. Kd3 {[%clk 0:01:08]}  c5 {[%clk 0:00:59]} 63. Ke3 {[%clk 0:01:02]}  Kc6 {[%clk 0:01:17]} 64. Kf4 {[%clk 0:01:00]}  Kd6 {[%clk 0:00:44]} 65. Ke4 {[%clk 0:01:05]}  Bg8 {[%clk 0:01:03]} 66. Kf4 {[%clk 0:01:06]}  Bd5 {[%clk 0:01:02]} 67. Kf5 {[%clk 0:01:21]}  Bxb3 {[%clk 0:00:53]} 68. Nxb3 {[%clk 0:01:44]}  c4 {[%clk 0:01:21]} 69. Nxa5 {[%clk 0:00:42]}  Kd5 {[%clk 0:01:48]} 70. Kf4 {[%clk 0:00:33]}  b3 {[%clk 0:02:15]} 0-1

[Event "45th FIDE Chess Olympiad Open"]
[Site "Budapest, Hungary"]
[Date "2024.09.21"]
[Round "10"]
[White "Salinas Herrera, Pablo"]
[Black "Andersen, Mads"]
[Result "1-0"]
[Board "70"]
[WhiteFideId "3407128"]
[BlackFideId "1413864"]
[WhiteTitle "GM"]
[BlackTitle "GM"]
[WhiteElo "2479"]
[BlackElo "2598"]
[WhiteTeam "Chile"]
[BlackTeam "Denmark"]
[WhiteClock "0:09:10"]
[BlackClock "0:01:34"]
[Variant "Standard"]

1. e4 {[%clk 1:30:58]}  e5 {[%clk 1:30:48]} 2. Nf3 {[%clk 1:31:18]}  Nc6 {[%clk 1:31:10]} 3. Bc4 {[%clk 1:31:21]}  Nf6 {[%clk 1:31:27]} 4. d3 {[%clk 1:30:24]}  Bc5 {[%clk 1:31:36]} 5. Nc3 {[%clk 1:29:55]}  a6 {[%clk 1:31:45]} 6. O-O {[%clk 1:29:58]}  d6 {[%clk 1:27:51]} 7. a4 {[%clk 1:29:50]}  h6 {[%clk 1:23:00]} 8. Be3 {[%clk 1:26:06]}  O-O {[%clk 1:22:28]} 9. Nd5 {[%clk 1:22:48]}  Bxe3 {[%clk 1:01:29]} 10. fxe3 {[%clk 1:22:25]}  Nxd5 {[%clk 1:00:11]} 11. Bxd5 {[%clk 1:20:34]}  Ne7 {[%clk 0:59:30]} 12. Bb3 {[%clk 1:15:35]}  Ng6 {[%clk 0:56:26]} 13. c3 {[%clk 1:08:21]}  a5 {[%clk 0:53:23]} 14. d4 {[%clk 1:07:28]}  Qe7 {[%clk 0:52:25]} 15. Qe1 {[%clk 1:04:40]}  Be6 {[%clk 0:49:20]} 16. Bc2 {[%clk 1:05:00]}  Bc4 {[%clk 0:45:02]} 17. Rf2 {[%clk 1:05:24]}  b6 {[%clk 0:39:01]} 18. Nd2 {[%clk 1:03:53]}  Be6 {[%clk 0:37:30]} 19. Qe2 {[%clk 1:04:15]}  Kh7 {[%clk 0:33:38]} 20. Nf1 {[%clk 1:02:24]}  Qg5 {[%clk 0:23:45]} 21. Ng3 {[%clk 0:56:00]}  Rae8 {[%clk 0:19:34]} 22. Raf1 {[%clk 0:55:43]}  Kg8 {[%clk 0:19:47]} 23. Bd1 {[%clk 0:54:55]}  Ne7 {[%clk 0:16:15]} 24. Qd3 {[%clk 0:54:37]}  g6 {[%clk 0:15:40]} 25. Kh1 {[%clk 0:47:02]}  Kg7 {[%clk 0:15:15]} 26. b4 {[%clk 0:45:28]}  Ra8 {[%clk 0:14:35]} 27. Bc2 {[%clk 0:42:47]}  Ng8 {[%clk 0:09:53]} 28. Qe2 {[%clk 0:38:05]}  h5 {[%clk 0:09:16]} 29. Qb5 {[%clk 0:36:07]}  Nh6 {[%clk 0:07:40]} 30. Re1 {[%clk 0:33:38]}  Ng4 {[%clk 0:04:19]} 31. Rf3 {[%clk 0:33:49]}  h4 {[%clk 0:04:07]} 32. Nf1 {[%clk 0:33:48]}  Nf6 {[%clk 0:04:12]} 33. Nd2 {[%clk 0:33:16]}  axb4 {[%clk 0:03:22]} 34. cxb4 {[%clk 0:32:07]}  Bg4 {[%clk 0:02:52]} 35. Rf2 {[%clk 0:30:39]}  Bd7 {[%clk 0:03:02]} 36. Qc4 {[%clk 0:31:03]}  Ng4 {[%clk 0:03:22]} 37. Rfe2 {[%clk 0:25:52]}  Qe7 {[%clk 0:02:30]} 38. b5 {[%clk 0:24:58]}  Rh8 {[%clk 0:02:06]} 39. h3 {[%clk 0:24:12]}  Nf6 {[%clk 0:02:35]} 40. Nf3 {[%clk 0:24:10]}  Ra7 {[%clk 0:01:41]} 41. Qb4 {[%clk 0:20:56]}  c5 {[%clk 0:23:28]} 42. Qb2 {[%clk 0:48:11]}  Re8 {[%clk 0:23:06]} 43. Rd2 {[%clk 0:47:39]}  Bc8 {[%clk 0:20:34]} 44. Red1 {[%clk 0:40:21]}  Bb7 {[%clk 0:17:42]} 45. dxe5 {[%clk 0:40:10]}  dxe5 {[%clk 0:18:11]} 46. Qb1 {[%clk 0:40:30]}  c4 {[%clk 0:11:57]} 47. Rd6 {[%clk 0:40:00]}  Qc7 {[%clk 0:12:20]} 48. Ng5 {[%clk 0:29:50]}  Qc5 {[%clk 0:11:21]} 49. Qc1 {[%clk 0:28:48]}  c3 {[%clk 0:09:46]} 50. Kh2 {[%clk 0:28:19]}  Re7 {[%clk 0:09:51]} 51. Rd8 {[%clk 0:26:14]}  Kh6 {[%clk 0:06:53]} 52. Nf3 {[%clk 0:15:33]}  Ra8 {[%clk 0:04:15]} 53. Nxh4 {[%clk 0:08:11]}  Rxd8 {[%clk 0:03:54]} 54. Rxd8 {[%clk 0:08:37]}  Nxe4 {[%clk 0:03:45]} 55. Nf5+ {[%clk 0:07:52]}  gxf5 {[%clk 0:03:49]} 56. Qe1 {[%clk 0:08:20]}  Nf6 {[%clk 0:02:07]} 57. Qh4+ {[%clk 0:08:31]}  Kg6 {[%clk 0:02:28]} 58. Qg3+ {[%clk 0:08:45]}  Ng4+ {[%clk 0:01:34]} 59. Qxg4+ {[%clk 0:09:10]} 1-0

[Event "45th FIDE Chess Olympiad Open"]
[Site "Budapest, Hungary"]
[Date "2024.09.21"]
[Round "10"]
[White "Thybo, Jesper Sondergaard"]
[Black "Vasquez Schroeder, Rodrigo"]
[Result "1-0"]
[Board "71"]
[WhiteFideId "1438832"]
[BlackFideId "3400042"]
[WhiteTitle "GM"]
[BlackTitle "GM"]
[WhiteElo "2555"]
[BlackElo "2457"]
[WhiteTeam "Denmark"]
[BlackTeam "Chile"]
[WhiteClock "0:05:20"]
[BlackClock "0:18:49"]
[Variant "Standard"]

1. d4 {[%clk 1:30:53]}  Nf6 {[%clk 1:30:46]} 2. c4 {[%clk 1:31:16]}  e6 {[%clk 1:31:12]} 3. Nf3 {[%clk 1:31:32]}  Bb4+ {[%clk 1:30:52]} 4. Bd2 {[%clk 1:31:43]}  Qe7 {[%clk 1:31:07]} 5. g3 {[%clk 1:31:41]}  Bxd2+ {[%clk 1:30:47]} 6. Qxd2 {[%clk 1:31:32]}  Nc6 {[%clk 1:31:09]} 7. a3 {[%clk 1:29:57]}  d5 {[%clk 1:30:05]} 8. Bg2 {[%clk 1:29:56]}  O-O {[%clk 1:30:11]} 9. O-O {[%clk 1:29:42]}  Rd8 {[%clk 1:29:27]} 10. Qc3 {[%clk 1:27:05]}  dxc4 {[%clk 1:26:56]} 11. Nbd2 {[%clk 1:22:17]}  Nd5 {[%clk 1:19:40]} 12. Qxc4 {[%clk 1:21:15]}  e5 {[%clk 1:19:30]} 13. dxe5 {[%clk 1:17:25]}  Nxe5 {[%clk 1:19:49]} 14. Qc2 {[%clk 0:53:06]}  Nxf3+ {[%clk 1:13:00]} 15. Nxf3 {[%clk 0:53:20]}  c5 {[%clk 1:12:34]} 16. Rad1 {[%clk 0:51:14]}  Be6 {[%clk 1:11:46]} 17. Rd2 {[%clk 0:48:49]}  Nf6 {[%clk 1:08:03]} 18. Rfd1 {[%clk 0:47:53]}  Bd5 {[%clk 1:06:35]} 19. Nh4 {[%clk 0:35:10]}  Bxg2 {[%clk 1:06:58]} 20. Nf5 {[%clk 0:35:00]}  Qe8 {[%clk 1:06:23]} 21. Kxg2 {[%clk 0:34:40]}  b6 {[%clk 1:03:56]} 22. f3 {[%clk 0:30:53]}  Rxd2 {[%clk 0:57:03]} 23. Qxd2 {[%clk 0:28:16]}  g6 {[%clk 0:53:30]} 24. e4 {[%clk 0:17:40]}  Nxe4 {[%clk 0:34:47]} 25. Nh6+ {[%clk 0:17:56]}  Kg7 {[%clk 0:35:12]} 26. fxe4 {[%clk 0:18:21]}  Qxe4+ {[%clk 0:35:37]} 27. Kg1 {[%clk 0:17:49]}  Re8 {[%clk 0:35:32]} 28. g4 {[%clk 0:12:12]}  f6 {[%clk 0:28:12]} 29. g5 {[%clk 0:09:57]}  Qd4+ {[%clk 0:24:20]} 30. Qxd4 {[%clk 0:09:51]}  cxd4 {[%clk 0:24:48]} 31. Ng4 {[%clk 0:09:16]}  fxg5 {[%clk 0:25:08]} 32. Rxd4 {[%clk 0:09:38]}  Re7 {[%clk 0:24:23]} 33. h3 {[%clk 0:09:25]}  h5 {[%clk 0:23:18]} 34. Nf2 {[%clk 0:09:42]}  Kh6 {[%clk 0:23:02]} 35. Ne4 {[%clk 0:09:30]}  Re5 {[%clk 0:21:53]} 36. Kg2 {[%clk 0:08:25]}  Rf5 {[%clk 0:21:38]} 37. Rd7 {[%clk 0:07:08]}  Rf4 {[%clk 0:20:15]} 38. Nd6 {[%clk 0:06:25]}  g4 {[%clk 0:19:39]} 39. h4 {[%clk 0:06:06]}  g5 {[%clk 0:18:20]} 40. Nf7+ {[%clk 0:05:48]}  Kg6 {[%clk 0:18:45]} 41. Nxg5 {[%clk 0:05:55]}  Rc4 {[%clk 0:18:49]} 42. Rd2 {[%clk 0:05:20]} 1-0